000 00689nam a22002057a 4500
999 _c10487
_d10487
003 AR-CdUCM
008 190401b ||||| |||| 00| 0 spa d
040 _aMUNICIPALIDAD PROVINCIAL DEL CUSCO
_cBIBLIOTECA MUNICIPAL DEL CUSCO
082 _a848.71 /
_bH88 /1909
100 _aHugo, Víctor
_911073
245 _aWilliam Shakespeare /
260 _aValencia :
_bF, siempre y compañía,
_c1909.
300 _a269 paginas ;
_c19 cm.
505 _aContenido : Shakespeare su vida -- Shakespeare su genio -- Despues de la muerte Shakespeare Inglaterra --
650 _aLiteratura
_983
650 _aEspañola
_924066
650 _aUniversal
_918236
942 _2ddc
_cLIBROS
945 _arah